India: the physically handicapped (report and tables) (Record no. 481866)

000 -LEADER
fixed length control field 00421cam a22001217a 4500
008 - FIXED-LENGTH DATA ELEMENTS--GENERAL INFORMATION
fixed length control field 180718b1983 xxu||||| |||| 00| 0 eng d
082 ## - DEWEY DECIMAL CLASSIFICATION NUMBER
Classification number A81x54 In2/81/1/PT7B
100 ## - MAIN ENTRY--PERSONAL NAME
Personal name Census of India 1981
245 ## - TITLE STATEMENT
Title India: the physically handicapped (report and tables)
260 ## - PUBLICATION, DISTRIBUTION, ETC.
Place of publication, distribution, etc. Delhi
Name of publisher, distributor, etc. Registrar General and Census Commissioner of India
Date of publication, distribution, etc. 1983
300 ## - PHYSICAL DESCRIPTION
Extent 213p.
440 ## - SERIES STATEMENT/ADDED ENTRY--TITLE
Title Census of India 1981. Series-1, India. Part VII-B
Holdings
Withdrawn status Lost status Damaged status Not for loan Permanent Location Current Location Date acquired Full call number Barcode Date last seen Price effective from Koha item type
        Indian Institute of Public Administration Indian Institute of Public Administration 2018-08-04 A81x54 In2/81/1/PT7B G15962 2018-08-04 2018-08-04 G
        Indian Institute of Public Administration Indian Institute of Public Administration 2018-08-04 A81x54 In2/81/1/PT7B GG26346 2018-08-04 2018-08-04 GG

Powered by Koha